00402nam a2200157Ia 4500003000400000008004100004040001600045082001300061100002200074245004700096260004200143300001000185650001500195650001200210650002200222GCL140319s9999 xx 000 0 eng d aGCL / cGCL04a843bP Q1 aPIRANDELLO, LUIGI10aQUI SAIT LA VERITE ? / cPIRANDELLO, LUIGI a[S.N] : bLE LIVRE DE POCHE ، c1994 a118 P04aLITERATURE04aTHEATER04aFRENCH LITERATURE